Estrategia didáctica para el desarrollo de la capacidad de persuasión en la asignatura Relaciones Públicas. (Record no. 870)
[ view plain ]
| 000 -LEADER | |
|---|---|
| campo de control de longitud fija | 02515nam a2200553Ia 4500 |
| 001 - NÚMERO DE CONTROL | |
| campo de control | 950 |
| 008 - DATOS DE LONGITUD FIJA--INFORMACIÓN GENERAL | |
| campo de control de longitud fija | 241029s9999 xx 000 0 und d |
| 010 ## - NÚMERO DE CONTROL DE LA BIBLIOTECA DEL CONGRESO | |
| Número de control de LC | 870 |
| 041 ## - CÓDIGO DE IDIOMA | |
| Código de lengua del texto/banda sonora o título independiente | Español |
| 082 ## - NÚMERO DE LA CLASIFICACIÓN DECIMAL DEWEY | |
| Número de clasificación | TPG MCE 03 2005 |
| 245 #0 - MENCIÓN DEL TÍTULO | |
| Título | Estrategia didáctica para el desarrollo de la capacidad de persuasión en la asignatura Relaciones Públicas. |
| 260 ## - PUBLICACIÓN, DISTRIBUCIÓN, ETC. | |
| Lugar de publicación, distribución, etc. | Santo Domingo |
| 300 ## - DESCRIPCIÓN FÍSICA | |
| Extensión | 62 |
| 520 ## - RESUMEN, ETC. | |
| Sumario, etc. | 18 |
| 520 ## - RESUMEN, ETC. | |
| Sumario, etc. | La investigación se planteó como objetivo el desarrollo de una estrategia en la asignatura Relaciones Públicas, dirigida al desarrollo de la capacidad de persuasión en el estudiante de la carrera de Mercadeo que cursa esta asignatura. Fueron aplicados diversos métodos y técnicas de la investigación pedagógica, lo cual nos permitió arribar a conclusiones sobre la factibilidad de los resultados. Se logró diseñar la estrategia didáctica para desarrollar la persuasión a través de la asignatura de Relaciones Públicas. Para ello se hizo un diagnóstico, un análisis de la asignatura y se buscaron las causas de la situación problémica de la capacidad de persuasión. La misma fue evaluada desde la perspectiva teórica y práctica por especialistas en el área educativa, así como de las relaciones públicas, emitiendo incluso sus críticas, controversias y posiciones, que amplían más factores a la propuesta. Al desarrollar la capacidad de persuasión, queda la posibilidad de desarrollar otras capacidades de igual importancia para las Relaciones Públicas. |
| 630 ## - PUNTO DE ACCESO ADICIONAL DE MATERIA--TÍTULO UNIFORME | |
| Título uniforme | Competencias |
| 630 ## - PUNTO DE ACCESO ADICIONAL DE MATERIA--TÍTULO UNIFORME | |
| Título uniforme | Estrategia de Aprendizaje |
| 630 ## - PUNTO DE ACCESO ADICIONAL DE MATERIA--TÍTULO UNIFORME | |
| Título uniforme | Estudiantes |
| 630 ## - PUNTO DE ACCESO ADICIONAL DE MATERIA--TÍTULO UNIFORME | |
| Título uniforme | Formación |
| 650 ## - PUNTO DE ACCESO ADICIONAL DE MATERIA--TÉRMINO DE MATERIA | |
| Término de materia o nombre geográfico como elemento de entrada | Competencias Educativas |
| 690 ## - PUNTO DE ACCESO ADICIONAL DE MATERIA LOCAL--TÉRMINO DE MATERIA (OCLC, RLIN) | |
| Término de materia o nombre geográfico como elemento inicial | Copiado sin cambios |
| 700 ## - ENTRADA AGREGADA--NOMBRE PERSONAL | |
| Término indicativo de función/relación | asesor |
| Nombre de persona | Machado, Evelio |
| 700 ## - ENTRADA AGREGADA--NOMBRE PERSONAL | |
| Término indicativo de función/relación | autor |
| Nombre de persona | Carracas Berríos, Walter |
| 901 ## - ELEMENTOS DE DATOS A LOCAL LDA (RLIN) | |
| a | {"1":"Carracas Berríos"} |
| b | {"1":"Walter"} |
| 902 ## - ELEMENTOS DE DATOS B LOCAL, LDB (RLIN) | |
| a | 1 |
| 903 ## - ELEMENTOS DE DATOS C LOCAL, LDC (RLIN) | |
| a | {"1":"Machado"} |
| b | {"1":"Evelio"} |
| 904 ## - ELEMENTOS DE DATOS D LOCAL, LDD (RLIN) | |
| a | Maestría en |
| 905 ## - ELEMENTOS DE DATOS E LOCAL, LDE (RLIN) | |
| a | Ciencias de la Educación |
| 906 ## - ELEMENTOS DE DATOS F LOCAL, LDF (RLIN) | |
| a | 2 |
| 907 ## - ELEMENTOS DE DATOS G LOCAL, LDG (RLIN) | |
| a | NO APLICA |
| 908 ## - COLOCAR PARÁMETRO DE COMANDO (RLIN) | |
| Colocar parámetro de comando | NO APLICA |
| 909 ## - | |
| -- | Universidad Acción Pro Educación y Cultura (UNAPEC) |
| 910 ## - DATOS DE OPCIÓN DEL USUARIO (OCLC) | |
| Datos de opción del usuario | NULL |
| -- | NULL |
| 911 ## - EQUIVALENCIA O REFERENCIA-CRUZADA-NOMBRE DE CONFERENCIA O REUNIÓN/CONGRESO [LOCAL, CANADÁ] | |
| Nombre de congreso/reunión o jurisdicción como elemento de entrada | ["1"] |
| 912 ## - | |
| -- | NO APLICA |
| 913 ## - | |
| -- | NULL |
| 914 ## - | |
| -- | 03 de Octubre de 2005 |
| 915 ## - | |
| -- | 21/12/19 08:12 |
| 916 ## - | |
| -- | NULL |
| 917 ## - | |
| -- | NULL |
| 918 ## - | |
| -- | NO APLICA |
| 919 ## - | |
| -- | ["40","93","96","200"] |
| 921 ## - | |
| -- | 16 |
| 922 ## - | |
| -- | 16 |
| 923 ## - | |
| -- | 0 |
| 924 ## - | |
| -- | NO APLICA |
| 942 ## - ELEMENTOS DE ENTRADA SECUNDARIOS (KOHA) | |
| Tipo de ítem Koha | |
No items available.